000 00245nam a22001217a 4500
999 _c533633
_d533633
020 _a1843796104
040 _cdlc
082 _a843.912
100 _aMarcel Proust
_927589
245 _aThe Guermantes Way
300 _a621p
942 _2ddc
_cBK